Lo que está en mi corazón

Spremljeno u:
Bibliografski detalji
Glavni autor: Serrano, Marcela (Autor)
Format: Knjiga
Jezik:španjolski
Izdano: Barcelona Planeta 2001
Serija:Autores Españoles e Iberoamericanos
Teme:
Oznake: Dodaj oznaku
Bez oznaka, Budi prvi tko označuje ovaj zapis!

MARC

LEADER 00000nam a2200000 a 4500
001 UCM6721
003 CL-VaPUC
008 021122e20010000SP |||||||||||||||||spa|d
082 0 4 |a Ch863  |b SER  |2 21 
100 0 |a Serrano, Marcela  |e author  |9 472520 
245 1 3 |a Lo que está en mi corazón 
300 |a 277 p 
942 |c BK 
945 |d 20021122 00:00:00  |a vberengu 
260 |a Barcelona  |b Planeta  |c 2001 
650 0 |a Literatura chilena   |9 308278 
650 0 |a Novelas chilenas   |9 265425 
583 |a last modification  |c 20021122 00:00:00  |k Rodrigo Vera 
490 0 |a Autores Españoles e Iberoamericanos 
999 |c 301953  |d 301951